000 00611nam a2200205 4500
003 OSt
005 20240624062501.0
006 a
008 240624b |||||||| |||| 00| 0 eng d
020 _a9710871099
040 _aDWCL-Main lib.
_cOC
082 _aFil. 370 T971 2011
110 _aNilo E. Colinares
245 _a21st century trends, issues and challenges in philippine education /
260 _aMandaluyong City :
_bNational Book Store,
_cc2011.
300 _axiii,
_b307 p. ;
_c22 cm.
650 _a1. Education-Philippines.
710 _aLydia P.E. Dela Rosa.
942 _2ddc
_n0
_cBK - FIL
_kFil.
999 _c1230
_d1230